Normal view
MARC view
Entry Personal Name
001 - CONTROL NUMBER
- control field: 41599
003 - CONTROL NUMBER IDENTIFIER
- control field: dpl
005 - DATE AND TIME OF LATEST TRANSACTION
- control field: 20120211123955.0
008 - FIXED-LENGTH DATA ELEMENTS
- fixed length control field: 120211|||a|||||| | ||| d
040 ## - CATALOGING SOURCE
- Original cataloging agency: dpl
- Transcribing agency: dpl
100 ## - HEADING--PERSONAL NAME
- Personal name: Honeycutt, Jerry
670 ## - SOURCE DATA FOUND
- Source citation: Work cat.: (dpl): Honeycutt, Jerry, Introducing Microsoft windows 2000 professinal /, 2001
670 ## - SOURCE DATA FOUND
- Source citation: Work cat.: (dpl): Honeycutt, Jerry, Introducing Microsoft windows 2000 professinal /, 2001
